| 000 | 02385nem a2200529 i 4500 | ||
|---|---|---|---|
| 001 | 41143 | ||
| 003 | KOSZ 005 | ||
| 005 | 20230309110832.0 | ||
| 006 | e|||||r|a|| 0| 0 | ||
| 007 | aj can|| | ||
| 008 | 120214s1997 pl a |000 0 pol | ||
| 040 |
_cKOSZ 005 _aKOSZ 005/ID _dKOSZ 005/AR |
||
| 041 | 0 |
_apol _aeng |
|
| 080 | _a912(438) | ||
| 080 | _a528.9(438) | ||
| 080 | _a55 | ||
| 080 | _a(084.3) | ||
| 245 | 0 | 0 |
_aMapa geologiczna ścięcia na poziomie 2000 m p.p.m. : _b1:750 000. _nTablica 3 / _cpraca zbiorowa pod kierunkiem naukowym Zbigniewa Kotańskiego ; autor Zbigniew Buła [i inni] ; opracowanie graficzne Polska Agencja Ekologiczna SA - 1997 r., redaktor B. Celińska ; Państwowy Instytut Geologiczny. |
| 246 | 3 | 1 | _aGeological map of horizontal cutting on the plane of 2000 m b.s.l. |
| 246 | 1 | 3 | _aAtlas geologiczny Polski. |
| 246 | 1 | 3 | _aMapy geologiczne ścięcia poziomego. |
| 255 |
_aSkala 1 : 750 000. _c(E 14°10'-E 24°09'/N 54°51'-N 49°00'). |
||
| 260 |
_aWarszawa : _bWydawnictwo Kartograficzne Polskiej Agencji Ekologicznej, _ccopyright 1997. |
||
| 300 |
_a1 mapa : _bwielobarwna ; _c87x99 cm, w tubie 8x103 cm. |
||
| 336 |
_2rdacontent _aMapa 2D _bcri |
||
| 337 |
_2rdamedia _aBez urządzenia pośredniczącego _bn |
||
| 338 |
_2rdacarrier _aArkusz _bnb |
||
| 380 | _aMapy | ||
| 388 | _a1901-2000 | ||
| 500 | _aTreść mapy w języku polskim. | ||
| 536 | _aDruk pracy finansowany przez Ministerstwo Ochrony Środowiska, Zasobów Naturalnych i Leśnictwa. | ||
| 540 | _aCopyright by Państwowy Instytut Geologiczny, Warszawa 1997. | ||
| 650 | 7 | _aGeologia | |
| 650 | 7 | _aKartografia geologiczna | |
| 651 | 7 | _aPolska | |
| 655 | 7 | _aAtlas geologiczny | |
| 655 | 7 | _aMapa geologiczna | |
| 658 | _aGeografia i nauki o Ziemi | ||
| 700 | 1 |
_aKotański, Zbigniew _d(1927-2005) _eOpracowanie |
|
| 700 | 1 |
_aBuła, Zbigniew _eAutor |
|
| 700 | 1 |
_aCelińska, Barbara _eRedakcja |
|
| 710 | 2 |
_aPaństwowy Instytut Geologiczny _eInstytucja sprawcza |
|
| 710 | 2 |
_aWydawnictwo Kartograficzne Polskiej Agencji Ekologicznej _eWydawca |
|
| 856 |
_uhttp://koha.tu.koszalin.pl/cgi-bin/koha/opac-detail.pl?biblionumber=41143 _yKatalog online BPK |
||
| 942 |
_cMP _2UKD |
||
| 999 |
_c41143 _d41143 |
||